000 03533cam a22002777a 4500
001 711
005 20240301111425.0
020 _a906718294X
020 _a9789067182942
040 _aCOO
_cCOO
_dYDXCP
_dBAKER
_dOUN
_dOHX
_dNLGGC
_dBTCTA
_dWEA
_dVRC
_dMUQ
_dPUL
_dDLC
_beng
050 0 0 _aQH541.15.E19
_bW67 2007
082 0 0 _a304.20959
_222
100 _aBoomgaard, Peter
245 0 2 _aA world of water :
_brain, rivers and seas in Southeast Asian histories /
_cedited by Peter Boomgaard.
260 _aLeiden :
_bKITLV Press,
_c2007.
300 _aviii, 368 pages :
_billustrations, maps ;
_c24 cm.
505 0 0 _gPreface,
_tIn a state of flux : water as a deadly and a life-giving force in Southeast Asia /
_rPeter Boombaard --
_tGeography as destiny? : the role of water in Southeast Asian history /
_rHeather Sutherland --
_tOf gods and monsters : indigenous sea cosmologies, promiscuous geographies and the depths of local sovereignty /
_rSandra Pannell --
_tToothy tale : a short history of shark fisheries and trade in shark products in twentieth-century Indonesia /
_rManon Osseweijer --
_tTale of two centuries : the globalization of maritime raiding and piracy in Southeast Asia at the end of the eighteenth and twentieth centuries /
_rJames F. Warren --
_tStorms of history : water, hazard and society in the Philippines, 1565-1930 /
_rGreg Bankoff --
_tCommunal irrigation : a comparative perspective /
_rRobert C. Hunt --
_tGeographical explanations for the distribution of irrigation institutions : cases from Southeast Asia /
_rWillem Wolters --
_tWater and rice in early Java and Bali /
_rJan Wisseman Christie --
_tContestation over a life-giving force : water rights and conflicts, with special reference to Indonesia /
_rFranz von Benda-Beckmann --
_tRole of waterborne diseases in Malaysia /
_rFoong Kin --
_tPrivatizing water : the Jakarta concession and the limits of contract /
_rOkke Braadbaart --
_tPolitics of environmental and water pollution in East Java /
_rAnton Lucas and Arief W. Djati.
520 _aWater, in its many guises, has always played a powerful role in shaping Southeast Asian histories, cultures, societies and economies. This volume, the rewritten results of an international workshop, with participants from eight countries, contains thirteen essays, representing a broad range of approaches to the study of Southeast Asia with water as the central theme. As it was exposed to the sea, the region was more accessible to outside political, economic and cultural influences than many landlocked areas. Easy access through sea routes also stimulated trade from an early age. However, the same easy access made Southeast Asia vulnerable to political control by strong outsiders. The sea is, moreover, a source of food, but also of many hazards. At the same time, Southeast Asian societies and cultures are confronted with and permeated by 'water from heaven' in the form of rain, flash floods, irrigation water, water in rivers, brooks and swaps, water-driven power plants, and pumped or piped water, in addition to water as a carrier of sewage and pollution. Finally, the volume deals with the role of water in classification systems, beliefs, myths, illness and healing. Full Text (Open Access)
650 0 _aEcohydrology
_zSoutheast Asia
_xHistory.
650 0 _aWater
_xSocial aspects
_zSoutheast Asia.
650 0 _aWater in agriculture
_zSoutheast Asia.
650 0 _aWater
_xPollution
_zSoutheast Asia.
700 1 _aBoomgaard, P.,
_d1946-2017
906 _a7
_bcbc
_ccopycat
_d2
_encip
_f20
_gy-gencatlg
942 _2ddc
_cBK
_n0
999 _c711
_d711